People Born in 1981 - Statistics

General Stats
  • This quiz has been taken 414 times
  • The average score is 11 of 19
Answer Stats
Birthday Hint Person % Correct
December 2, 1981 "Baby One More Time" Singer Britney Spears
88%
September 4, 1981 Former Destiny's Child member and singer of "Crazy in Love" Beyonce Knowles
87%
January 31, 1981 Singer of "SexyBack" and "Rock Your Body" Justin Timberlake
81%
February 17, 1981 Great-granddaughter of the founder of Hilton Hotels Paris Hilton
80%
June 13, 1981 Plays Captain America Chris Evans
62%
August 8, 1981 No other male tennis player has won 20 major singles titles Roger Federer
62%
June 9, 1981 Played Padme Natalie Portman
58%
September 26, 1981 No. 1 tennis singles player 8 times between 2002 and 2017 Serena Williams
58%
February 9, 1981 Plays Loki Tom Hiddleston
58%
January 28, 1981 Portrayed Frodo Elijah Wood
57%
January 15, 1981 Singer of "Timber" and "Give Me Everything" Pitbull
51%
April 28, 1981 Actress in Fantastic Four and Sin City Jessica Alba
50%
January 3, 1981 Quarterback who is son and brother of other quarterbacks Eli Manning
48%
September 12, 1981 American Idol contestant and Dream Girls actress Jennifer Hudson
48%
January 25, 1981 R&B singer-songwriter of "Fallin'" and "You Don't Know My Name" Alicia Keys
43%
April 19, 1981 Played Anakin Skywalker Hayden Christensen
42%
October 30, 1981 Model who converted to Judaism before marrying Jared Kushner Ivanka Trump
40%
February 17, 1981 Actor in 3rd Rock From the Sun and Looper Joseph Gordon-Levitt
34%
June 1, 1981 Stand-up comedian and star of Inside ___ _______ Amy Schumer
15%
No matching quizzes found
Score Distribution
Percent of People with Each Score
Percentile by Number Answered
Your Score History
You have not taken this quiz